00490nam a2200169 450000500170000001000150001702000110003203500140004303700130005708200120007010000190008224500470010126000420014827000860019030000250027650000190030120190624162930.0 aENG-125736 c895.00 aEN-109268 bDBAD/PUB a306.483 aJayswal Babita aCulture and sociology /cby Babita Jayswal aDelhibGaurav Book Distributorsc2018 aHouse No. 45, Ground Floor, Shivaji Marg, Gali No. 5bKartar Nagar, Delhie110053 aviii,272p.c22cm(Hb) aIncludes index